000 00365 a2200157 4500
001 56862
020 _a8532250785
040 _cAnchieta - Pituba
100 _aGomes, Álvaro Cardoso
240 1 0 _aViver tem dessas coisas, mano
_lpor
245 1 0 _aViver tem dessas coisas, mano
300 _a111
362 0 _a2004
650 4 _aLiteratura juvenil
942 _cBK
999 _c56862
_d56862